=LDR 00000nam 2200000 4500 =001 INLIS000000000031247 =005 20130612133329 =008 ***********************************Ind** =035 ##$$0010-061300000031247 =041 ##$$a Ind =082 ##$$a 639.21 =090 ##$$a 639.21, Api m =100 ##$$a Apin =245 ##$$a Memilih anakan dan meningkatkan kualitas arwana, Apin; Seno Teguh P =260 ##$$a 2005 $b Jakarta; gromedia Pustaka =300 ##$$a iv, 84 hlm, ilus, 19 cm =650 ##$$a Arwana, Ikan Hias - Budidaya =700 ##$$a Seno, Teguh P =850 ##$$a NBPNMAT